000 00666nam a22001937a 4500
999 _c16689
_d16689
003 AR-CdUCM
008 190504b ||||| |||| 00| 0 spa d
040 _aMUNICIPALIDAD PROVINCIAL DEL CUSCO
_cBIBLIOTECA MUNICIPAL DEL CUSCO
082 _a511 /
_bT78
_214 ed.
110 _aEdiciones bruño.
_927077
245 _aTratado teórico practico de aritmética razonada :
_bCurso superior /
260 _aMadrid :
_bBruño.,
_c1964.
300 _a536 páginas ;
_c20 cm.
505 _aContenido :Ejercicios sobre números naturales ...
650 _aAritmética pura.
_936276
650 _aCiencias aplicadas.
_920077
942 _2ddc
_cLIBROS
945 _arum
_d2019-05-04